| 000 | 04701nam a22004577a 4500 | ||
|---|---|---|---|
| 005 | 20090609110425.0 | ||
| 008 | 090609t xxu||||| |||| 00| 0 hin d | ||
| 010 | _aHIN-86867 | ||
| 020 |
_a8189537385 _c280.00 |
||
| 035 | _aHN-59213 | ||
| 035 | _aB-404625-636 | ||
| 037 | _b यश पब्लिकेशन्स/ PUB | ||
| 037 | _bDBAD / PUB | ||
| 040 |
_adpl _bhn |
||
| 082 | _a808.883 | ||
| 245 |
_aयारों के यार दुष्यंत कुमार / _cविजय बहादुर सिंह द्वारा संपादित |
||
| 246 |
_aYaron ke yaaar Dushyant Kumar _bedited by Vijay Bahadur Singh |
||
| 260 |
_aदिल्ली _bयश पब्लिकेशन्स _c2008 |
||
| 270 |
_aX/909, चाँद मौहल्ला, गांधी नगर, _bदिल्ली _e110031 _k09873743201 _myasg_publication@hormail.com |
||
| 300 |
_a186पृ _c22सेमी (सजिल्द) |
||
| 600 | _aदुष्यंत कुमार | ||
| 600 | _aDushyant Kumar | ||
| 650 | _aस्मृति | ||
| 650 | _aMemory | ||
| 700 | _aविजय बहादुर सिंह | ||
| 942 |
_2ddc _cHN _mयारोंके _h808.883 |
||
| 999 |
_c27322 _d27322 |
||